国境が短い国 - Statistics

General Stats
  • This quiz has been taken 320 times
  • The average score is 11 of 20
Answer Stats
km % Correct
3 バチカン市国
88%
39 サンマリノ
85%
4 モナコ
78%
76 リヒテンシュタイン
78%
120 アンドラ
73%
359 ルクセンブルク
66%
381 ブルネイ
57%
360 ドミニカ共和国
56%
499 アイルランド
54%
238 韓国
53%
360 ハイチ
53%
60 カタール
49%
228 東ティモール
49%
68 デンマーク
48%
499 イギリス
48%
516 ベリーズ
40%
462 クウェート
39%
528 ジブチ
32%
535 エスワティニ
32%
454 レバノン
25%
No matching quizzes found
Score Distribution
Percent of People with Each Score
Percentile by Number Answered
Your Score History
You have not taken this quiz